[Event "Ch Netherlands (team) 2001"]
[Site "masterchessopen.com - Netherlands"]
[Round "7"]
[White "Chuchelov Vladimir (BEL)"]
[Black "Timmerman Gert J (NED)"]
[Result "0-1"]
[WhiteElo "2607"]
[BlackElo "2335"]

1.Nf3 f5 2.d4 Nf6 3.g3 g6 4.Bg2 Bg7 5.O-O O-O 6.c4 d6 7.Nc3 c6 8.b3 Ne4 9.Bb2
Nxc3 10.Bxc3 Qc7 11.Qc2 e5 12.dxe5 dxe5 13.e4 f4 14.Qb2 Re8 15.Rad1 Bg4 16.h3
Bxf3 17.Bxf3 fxg3 18.fxg3 Nd7 19.b4 Nf8 20.Bg4 h5 21.Rxf8+ Bxf8 22.Rd7 Qb6+
23.c5 Bxc5+ 24.Kh1 Re7 25.Qb3+ Kf8 26.Bd2 hxg4 27.Bh6+ Ke8 28.Rd2 Bd4 29.Bg5
Kd7 {#R} 0-1

[Event "Ch Netherlands (team) 2001"]
[Site "masterchessopen.com - Netherlands"]
[Round "8"]
[White "Tregubov Pavel V (RUS)"]
[Black "Klip Hans (NED)"]
[Result "1-0"]
[WhiteElo "2611"]
[BlackElo "2317"]

1.d4 f5 2.g3 Nf6 3.Bg2 g6 4.Nf3 Bg7 5.O-O O-O 6.c4 d6 7.Nc3 c6 8.d5 Bd7 9.Nd4
Qc7 10.Bg5 Na6 11.Qd2 Rfe8 12.Rfe1 Nc5 13.Bxf6 Bxf6 14.b4 Na6 15.dxc6 bxc6
16.b5 Bxd4 17.Qxd4 Nc5 18.e4 fxe4 19.Nxe4 Nxe4 20.Bxe4 Rac8 21.a4 cxb5 22.axb5
Qb6 23.Qxb6 axb6 24.Ra7 Red8 25.Bb7 Rc5 26.Rxe7 Kf8 27.Rxh7 Rxc4 28.Bc6 {#r}
1-0

[Event "Ch Spain (juniors) (under 12) (g)"]
[Site "masterchessopen.com - Oropesa (Spain)"]
[Round "4"]
[White "Alameda Gadea Aitana (ESP)"]
[Black "Pita Romero Irene (ESP)"]
[Result "1-0"]
[WhiteElo "1939"]
[BlackElo "1770"]

1.c4 f5 2.Nc3 Nf6 3.g3 g6 4.Bg2 Bg7 5.d4 O-O 6.Nf3 d6 7.O-O c6 8.Bg5 h6 9.Be3
Qe8 10.Qb3 Kh8 11.d5 g5 12.Bd2 Qg6 13.Qc2 Nbd7 14.Nd4 cxd5 15.cxd5 Ne5 16.Ncb5
Bd7 17.Qb3 f4 18.Nc7 Rab8 19.Nce6 Bxe6 20.Nxe6 Rfc8 21.Rac1 Rxc1 22.Rxc1 fxg3
23.Qxg3 Ne4 24.Bxe4 Qxe4 25.Nxg7 Kxg7 26.f4 Nc4 27.Qc3+ Kf7 28.Qxc4 Qxc4
29.Rxc4 {#r} 1-0

[Event "Cup European Club (final)"]
[Site "masterchessopen.com - Panormo (Greece)"]
[Round "7"]
[White "Kolesar Milan (SVK)"]
[Black "Thorsteinsson Thorsteinn (ISL)"]
[Result "0-1"]
[WhiteElo "2231"]
[BlackElo "2324"]

1.Nf3 d6 2.d4 f5 3.g3 Nf6 4.Bg2 g6 5.O-O Bg7 6.c4 O-O 7.Nc3 c6 8.d5 e5 9.dxe6
Bxe6 10.b3 Na6 11.Be3 Ng4 12.Bd4 Ne5 13.Qd2 Qe7 14.Rad1 Nc5 15.Ng5 Rad8 16.f4
Bf6 17.Nxe6 Nxe6 18.Bxa7 Ng4 19.Bb6 Qg7 20.Rf3 Rde8 21.h3 Nh6 22.Bf2 g5 23.e4
g4 24.Rd3 gxh3 25.Bxh3 Ng4 26.Bxg4 Qxg4 27.Rxd6 Bxc3 28.Qxc3 Nxf4 29.Qb2 fxe4
30.Bc5 Ne2+ 31.Kh2 Qxg3+ {#R} 0-1

[Event "It (open) (b)"]
[Site "masterchessopen.com - Pardubice (Czech Republic)"]
[Round "5"]
[White "Golovchenko Gleb (RUS)"]
[Black "Bibik Jura (RUS)"]
[Result "1-0"]
[WhiteElo "2243"]
[BlackElo "2270"]

1.d4 f5 2.c4 Nf6 3.g3 g6 4.Bg2 Bg7 5.Nc3 d6 6.Nf3 O-O 7.O-O c6 8.b3 Qa5 9.Qc2
Na6 10.a3 e5 11.dxe5 dxe5 12.e4 f4 13.h3 fxg3 14.fxg3 Qc5+ 15.Kh2 Nh5 16.Qe2
Qe7 17.Bg5 Qe8 18.Rad1 Be6 19.Qe3 Kh8 20.Rd6 Nc7 21.Rfd1 b6 22.Ne2 Rc8 23.Nc1
Bg8 24.Nd3 Ne6 25.Bh6 Nd4 26.Nfxe5 Nxb3 27.Bxg7+ Nxg7 28.Qh6 Ne6 29.Nf4 Rxf4
30.gxf4 Qf8 31.Nxg6# 1-0

[Event "It (open)"]
[Site "masterchessopen.com - Polanica Zdroj (Poland)"]
[Round "6"]
[White "Hudziak Pawel (POL)"]
[Black "Kohut Anna (POL)"]
[Result "1-0"]
[WhiteElo "2190"]
[BlackElo "2042"]

1.g3 f5 2.c4 Nf6 3.Nf3 g6 4.Bg2 Bg7 5.O-O O-O 6.d4 d6 7.Nc3 c6 8.Rb1 Nbd7 9.d5
c5 10.Qc2 Nb6 11.b3 Nh5 12.e3 Bd7 13.Bb2 Qe8 14.Rbe1 Nf6 15.Nd2 g5 16.e4 Qg6
17.exf5 Bxf5 18.Nce4 Kh8 19.f4 g4 20.Qc1 Rae8 {#r} 1-0

[Event "It (open)"]
[Site "masterchessopen.com - Heves (Hungary)"]
[Date "2001.06.16"]
[Round "4"]
[White "Foldi Istvan (HUN)"]
[Black "Simon Nandor (HUN)"]
[Result "1-0"]
[WhiteElo "2332"]
[BlackElo "2128"]

1.c4 f5 2.d4 Nf6 3.g3 g6 4.Bg2 Bg7 5.Nf3 d6 6.O-O O-O 7.Nc3 c6 8.d5 e5 9.dxe6
Bxe6 10.Qd3 Kh8 11.Bf4 Ne8 12.Rab1 h6 13.h4 Na6 14.b4 Qf6 15.Rfc1 Nac7 16.b5
d5 17.cxd5 Nxd5 18.Be5 Qe7 19.bxc6 bxc6 20.Bxg7+ Qxg7 21.Nd4 Nec7 22.Nxd5 Bxd5
23.Bxd5 {#r} 1-0

[Event "It (open)"]
[Site "masterchessopen.com - Bad Wiessee (Germany)"]
[Date "2001.10.30"]
[Round "4"]
[White "Zude Arno (GER)"]
[Black "Bachmayer Josef (AUT)"]
[Result "0-1"]
[WhiteElo "2386"]
[BlackElo "2170"]

1.d4 f5 2.c4 Nf6 3.Nc3 g6 4.Nf3 Bg7 5.g3 O-O 6.Bg2 d6 7.O-O c6 8.d5 Na6 9.dxc6
bxc6 10.Nd4 Bd7 11.Nxc6 Qe8 12.Nd4 Rb8 13.Rb1 Nc5 14.b4 Nce4 15.Nxe4 fxe4
16.Be3 Qc8 17.Qb3 Kh8 18.Rfc1 Bh3 19.c5 d5 20.f4 h5 21.f5 Bxg2 22.Kxg2 gxf5
23.b5 Ng4 24.h3 Nxe3+ 25.Qxe3 e5 26.Nc6 f4 27.Qd2 Rb7 28.Qxd5 Qf5 29.gxf4 Rd7
30.Ne7 Rxe7 31.c6 Bh6 {#R} 0-1

[Event "Ch Girona"]
[Site "masterchessopen.com - Girona (Spain)"]
[Date "2001.11.11"]
[Round "6"]
[White "Gallart Vila J"]
[Black "Garcia Lopez Alberto J (ESP)"]
[Result "1-0"]
[WhiteElo "1990"]
[BlackElo "1943"]

1.d4 f5 2.g3 Nf6 3.Bg2 g6 4.c4 Bg7 5.Nf3 d6 6.O-O c6 7.Nc3 O-O 8.Re1 Ne4
9.Nxe4 fxe4 10.Ng5 d5 11.cxd5 cxd5 12.Be3 Qb6 13.Qd2 Nc6 14.Red1 Bd7 15.Rac1
Rac8 16.Rc5 e6 17.a3 Ne7 18.b4 Rxc5 19.dxc5 Qa6 20.Qa2 Re8 21.Rd2 Nf5 22.Bf4
Bc6 23.Rb2 e5 {#r} 1-0

[Event "Ch Germany (seniors) (team)"]
[Site "masterchessopen.com - Bad Segeberg (Germany)"]
[Round "3"]
[White "Krueger Erich (GER)"]
[Black "Haakert Juergen (GER)"]
[Result "0-1"]
[WhiteElo "2234"]
[BlackElo "2414"]

1.d4 f5 2.Nf3 Nf6 3.g3 g6 4.Bg2 Bg7 5.O-O O-O 6.c4 c6 7.Nc3 d6 8.d5 Bd7 9.Rb1
cxd5 10.cxd5 Na6 11.b4 Qc7 12.Qb3 Rfc8 13.Bb2 Qc4 14.Qxc4 Rxc4 15.a3 Rac8
16.Nd1 Ne4 17.Ne3 R4c7 18.Bxg7 Kxg7 19.Ra1 Rc3 20.h4 Nxg3 21.fxg3 Rxe3 22.Kf2
Rcc3 23.Rfb1 Rxa3 24.Rxa3 Rxa3 25.Nd4 Ra4 {#R} 0-1

[Event "Olympiad (w)"]
[Site "masterchessopen.com - Bled (Slovenia)"]
[Round "8"]
[White "Medic Mirjana (CRO)"]
[Black "Lagvilava Genrieta (BLR)"]
[Result "0-1"]
[WhiteElo "2308"]
[BlackElo "2290"]

1.d4 f5 2.g3 Nf6 3.Bg2 g6 4.Nf3 Bg7 5.c4 d6 6.O-O O-O 7.Nc3 c6 8.Qc2 Qe8 9.b3
Na6 10.Bb2 h6 11.Rad1 Bd7 12.a3 e5 13.dxe5 dxe5 14.Na2 e4 15.Ne5 Be6 16.Rd6
Nc7 17.Rfd1 Kh7 18.f4 exf3 19.exf3 Qe7 20.f4 Rad8 21.Rxd8 Rxd8 22.Rxd8 Qxd8
23.h3 Nce8 24.Nc1 Nd6 25.Qd3 Qb6+ 26.Bd4 Qa5 27.Qe3 Nfe4 28.Kh2 Qxa3 29.Ne2 c5
30.Bc3 Qxb3 31.g4 Bxc4 {#R} 0-1

[Event "It (b) (cat.3)"]
[Site "masterchessopen.com - Budapest (Hungary)"]
[Round "4"]
[White "Schneider Attila (HUN)"]
[Black "Johannesson Ingvar Thor (ISL)"]
[Result "0-1"]
[WhiteElo "2302"]
[BlackElo "2289"]

1.c4 f5 2.Nf3 Nf6 3.g3 g6 4.Bg2 Bg7 5.O-O O-O 6.Nc3 d6 7.d4 c6 8.d5 e5 9.dxe6
Bxe6 10.b3 Na6 11.Bb2 Qe7 12.Nd4 Bf7 13.Qd2 Rad8 14.Ba3 Nc5 15.Rad1 Nfe4
16.Nxe4 Nxe4 17.Qe3 Rfe8 18.Rfe1 c5 19.Nf3 b6 20.Rd3 d5 21.cxd5 Bxd5 22.Red1
Bf7 23.Bf1 Bf6 24.Qc1 Nc3 25.R1d2 Rxd3 26.exd3 Bd5 27.d4 Qe4 28.Rd3 Ne2+
29.Bxe2 Qxe2 30.Ne5 cxd4 {#R} 0-1

[Event "It \"]
[Site "masterchessopen.com - Bunratty (Ireland)"]
[Round "3"]
[White "D'Costa Lorin (ENG)"]
[Black "Klip Hans (NED)"]
[Result "1-0"]
[WhiteElo "2285"]
[BlackElo "2361"]

1.d4 f5 2.g3 Nf6 3.Bg2 g6 4.Nf3 Bg7 5.O-O O-O 6.c4 d6 7.Nc3 c6 8.d5 Bd7 9.Nd4
Qc7 10.Re1 Na6 11.e4 fxe4 12.Nxe4 Nxe4 13.Rxe4 Rae8 14.Ne6 Bxe6 15.Rxe6 Nc5
16.Re2 e6 17.Be3 exd5 18.cxd5 Nd7 19.dxc6 bxc6 20.Rc1 c5 21.b4 Kh8 22.bxc5
dxc5 23.Rd2 Rd8 24.Qc2 Rfe8 25.Bg5 Rb8 26.Bf4 Ne5 27.Re2 Qf7 28.Rce1 Qc7
29.Qc3 {#r} 1-0

[Event "It (open)"]
[Site "masterchessopen.com - Cappelle la Grande (France)"]
[Round "3"]
[White "Fridman Daniel (GER)"]
[Black "Welling Gerard (NED)"]
[Result "1-0"]
[WhiteElo "2571"]
[BlackElo "2400"]

1.d4 g6 2.g3 Bg7 3.Bg2 d6 4.c4 f5 5.Nc3 Nf6 6.Nf3 O-O 7.O-O c6 8.d5 Bd7 9.Rb1
a5 10.Be3 Na6 11.h3 Kh8 12.Qd2 Rc8 13.Nd4 Nc5 14.Bh6 Qb6 15.Bxg7+ Kxg7 16.Qe3
Qd8 17.Rfd1 f4 18.gxf4 Nh5 19.f5 Bxf5 20.dxc6 bxc6 21.Nxc6 Rxc6 22.Bxc6 Bxb1
23.Rxb1 e5 24.Rd1 Nf4 25.Kh2 Qb8 26.Nb5 Nce6 27.Rxd6 {#r} 1-0

[Event "Ch Czech Republic (juniors) (under 18) (open)"]
[Site "masterchessopen.com - Frymburk (Czech Republic)"]
[Round "2"]
[White "Kriz Lubos (CZE)"]
[Black "Vrana Frantisek (CZE)"]
[Result "1-0"]
[WhiteElo "2093"]
[BlackElo "2318"]

1.c4 f5 2.Nf3 Nf6 3.Nc3 g6 4.g3 Bg7 5.d4 O-O 6.Bg2 d6 7.O-O c6 8.Qb3 Qe8 9.c5+
Kh8 10.cxd6 exd6 11.Bf4 Qe7 12.Rfe1 Nh5 13.Bg5 Qc7 14.e4 f4 15.e5 dxe5 16.Nxe5
Na6 17.Be7 fxg3 18.hxg3 Bxe5 19.Bxf8 Bf6 20.Re8 Qd7 21.Rae1 Nc7 22.Bh3 Qxe8
23.Rxe8 Nxe8 24.Bxc8 Rxc8 25.Qxb7 Rd8 26.Qf7 Nhg7 27.Be7 {#r} 1-0

[Event "Oberliga East B 2001/02"]
[Site "masterchessopen.com - Germany"]
[Round "9"]
[White "Arncken Manfred (GER)"]
[Black "Wohlfart Paulus Dr (GER)"]
[Result "0-1"]
[WhiteElo "2149"]
[BlackElo "2206"]

1.g3 f5 2.Bg2 Nf6 3.c4 g6 4.Nc3 Bg7 5.Nf3 O-O 6.O-O d6 7.d4 c6 8.d5 Bd7 9.Rb1
Na6 10.b4 Rc8 11.Qb3 cxd5 12.cxd5 Qc7 13.Bd2 Qc4 14.Ng5 Bh6 15.h4 Qxb3 16.Rxb3
Rc4 17.a3 Rfc8 18.Rd1 Ng4 19.Be1 Bg7 20.Rd3 Nc7 21.e3 Nb5 22.Nxb5 Rc1 23.Nf3
Bxb5 24.Bf1 Bxd3 25.Rxd3 Ne5 26.Nxe5 Bxe5 27.Bd2 Rd1 28.f4 Rc2 29.fxe5 Rdxd2
30.exd6 exd6 {#R} 0-1

[Event "It (open) (challengers)"]
[Site "masterchessopen.com - Hawick (Scotland)"]
[Round "3"]
[White "Laws D"]
[Black "Gillespie David (SCO)"]
[Result "1-0"]
[WhiteElo "1616"]
[BlackElo "1928"]

1.d4 f5 2.Nf3 Nf6 3.g3 g6 4.Bg2 Bg7 5.O-O O-O 6.c4 d6 7.Nc3 c6 8.Qd3 Na6 9.a3
Nc7 10.Bg5 Qe8 11.Bxf6 Bxf6 12.e4 e5 13.dxe5 dxe5 14.exf5 Bxf5 15.Qe3 Qe7
16.Rfe1 Rfe8 17.Ne4 Bg7 18.Rad1 Rad8 19.Rxd8 Rxd8 20.Qxa7 Ne6 21.Qe3 Qc7 22.c5
Rd5 23.b4 Qd8 24.Bf1 Rd1 25.Nd6 Rxe1 26.Qxe1 b6 27.Nxf5 gxf5 28.Bc4 Kf7
29.Nxe5+ Bxe5 30.Qxe5 {#r} 1-0

[Event "It (open) \"]
[Site "masterchessopen.com - Kocaeli (Turkey)"]
[Round "6"]
[White "Gurevich Mikhail (TUR)"]
[Black "Guliev Sarhan (AZE)"]
[Result "1-0"]
[WhiteElo "2634"]
[BlackElo "2513"]

1.c4 f5 2.d4 Nf6 3.Nf3 g6 4.g3 Bg7 5.Bg2 O-O 6.Nc3 d6 7.O-O c6 8.d5 e5 9.dxe6
Qe7 10.Bf4 Rd8 11.Ng5 Bxe6 12.Qb3 Bc8 13.e4 fxe4 14.Rfe1 h6 15.Ngxe4 Nh5
16.Nxd6 {#r} 1-0

[Event "It (open) \"]
[Site "masterchessopen.com - Kocaeli (Turkey)"]
[Round "2"]
[White "Magalashvili Davit (GEO)"]
[Black "Grunberg Mihai-Lucian (ROM)"]
[Result "0-1"]
[WhiteElo "2274"]
[BlackElo "2421"]

1.d4 f5 2.c4 Nf6 3.Nf3 g6 4.g3 Bg7 5.Bg2 O-O 6.O-O d6 7.Nc3 c6 8.Qc2 Qc7 9.b3
e5 10.dxe5 dxe5 11.Ba3 Rd8 12.Rad1 e4 13.Nd4 Na6 14.e3 {#R} 0-1

[Event "Ch Spain (juniors) (under 18) \"]
[Site "masterchessopen.com - Logrono (Spain)"]
[Round "3"]
[White "Rubio Nevado Pedro (ESP)"]
[Black "Draghici Gavril (ESP)"]
[Result "1-0"]
[WhiteElo "2085"]
[BlackElo "2062"]

1.d4 g6 2.g3 f5 3.Bg2 Bg7 4.Nf3 Nf6 5.O-O O-O 6.c4 d6 7.Nc3 c6 8.d5 e5 9.dxe6
Bxe6 10.Qd3 Ng4 11.Ng5 Bc8 12.Qc2 Na6 13.Rd1 Qf6 14.Nf3 Ne5 15.Nxe5 dxe5 16.f4
e4 17.Be3 c5 18.Nd5 Qf7 19.Rab1 Be6 20.a3 Rfd8 21.Qb3 Rd7 22.Rd2 Rad8 23.Rbd1
b6 24.Qa4 Nb8 25.b4 cxb4 26.axb4 Bf8 27.Bf1 Bxd5 28.Rxd5 Rxd5 29.Rxd5 Rxd5
30.cxd5 {#r} 1-0

[Event "Memorial Pablo Gorbea (open)"]
[Site "masterchessopen.com - Madrid (Spain)"]
[Round "7"]
[White "De La Fuente G Francisc (ESP)"]
[Black "Esquivias Francisco J (ESP)"]
[Result "1-0"]
[WhiteElo "2227"]
[BlackElo "2035"]

1.d4 f5 2.Nf3 g6 3.g3 Nf6 4.Bg2 Bg7 5.O-O O-O 6.c4 d6 7.Nc3 c6 8.d5 e5 9.dxe6
Bxe6 10.Qd3 Qe7 11.Ng5 Na6 12.Bf4 Rfd8 13.Qe3 Nc7 14.c5 Nfe8 15.cxd6 Nxd6
16.Qc5 Na6 17.Qa3 Rac8 18.Rad1 Bf8 19.Rxd6 {#r} 1-0

[Event "Extra League 2002/03"]
[Site "masterchessopen.com - Slovakia"]
[Round "3"]
[White "Szucs Vladimir (SVK)"]
[Black "Ruckschloss Karol (SVK)"]
[Result "0-1"]
[WhiteElo "2159"]
[BlackElo "2284"]

1.d4 f5 2.Nf3 Nf6 3.g3 g6 4.Bg2 Bg7 5.O-O O-O 6.c4 d6 7.Nc3 c6 8.d5 e5 9.dxe6
Bxe6 10.Qd3 Ng4 11.Rd1 Na6 12.b3 Nc5 13.Qc2 Nxf2 14.Kxf2 Bxc3 15.Bb2 Qb6
16.Nd4 Bxb2 17.Qxb2 Bxc4 {#R} 0-1

[Event "It (open) \"]
[Site "masterchessopen.com - Tatranske Zruby (Slovakia)"]
[Round "5"]
[White "Turna Dusan (SVK)"]
[Black "Vrana Frantisek (CZE)"]
[Result "0-1"]
[WhiteElo "2158"]
[BlackElo "2318"]

1.Nf3 f5 2.d4 Nf6 3.c4 g6 4.g3 Bg7 5.Bg2 O-O 6.O-O d6 7.Nc3 c6 8.Qc2 Na6 9.a3
Qe8 10.Re1 e5 11.dxe5 dxe5 12.e4 Nc5 13.Nd2 f4 14.b4 Ne6 15.Ne2 Ng5 16.Rf1
Nh3+ 17.Kh1 g5 18.f3 Qh5 19.Bb2 g4 20.gxf4 Nxf4 21.Nxf4 exf4 22.Rg1 g3 23.Nf1
Qh4 24.Ra2 Nh5 25.Bxg7 Kxg7 26.Qc3+ Kf7 27.Qe1 Be6 28.Rc2 Rad8 29.c5 Rd4 30.h3
Bxh3 31.Bxh3 g2+ {#R} 0-1

[Event "It (open)"]
[Site "masterchessopen.com - Southend (England)"]
[Round "5"]
[White "Lock Gavin R (ENG)"]
[Black "Reed Duncan W"]
[Result "1-0"]
[WhiteElo "2120"]
[BlackElo "1704"]

1.Nf3 f5 2.c4 Nf6 3.Nc3 g6 4.g3 Bg7 5.Bg2 O-O 6.O-O d6 7.d4 c6 8.Rb1 Qc7 9.d5
e5 10.dxe6 Bxe6 11.b3 d5 12.Ng5 Qe5 13.Nxe6 Qxe6 14.cxd5 Qe5 15.Bb2 Qd6
16.dxc6 Qxd1 17.cxb7 Qxf1+ 18.Rxf1 Nc6 19.bxa8=Q Rxa8 20.Bxc6 Rc8 21.Bb5 Ng4
{#r} 1-0

[Event "It (open)"]
[Site "masterchessopen.com - Nyiregyhaza (Hungary)"]
[Date "2002.07.01"]
[Round "3"]
[White "Thuroczy Balazs (HUN)"]
[Black "Kulman Alexey (UKR)"]
[Result "1-0"]
[WhiteElo "2046"]
[BlackElo "2131"]

1.d4 f5 2.Nf3 g6 3.c4 d6 4.Nc3 Nf6 5.g3 Bg7 6.Bg2 O-O 7.O-O c6 8.Bg5 Nbd7
9.Rc1 h6 10.Bd2 e5 11.e3 Qe8 12.Qc2 Qf7 13.b3 Ne8 14.Ne2 Ndf6 15.dxe5 dxe5
16.Nxe5 Qc7 17.Nxg6 Rf7 18.Bc3 Nd7 19.Bxg7 Nxg7 20.Qc3 Nf6 21.Qe5 Qb6 22.Nef4
Bd7 23.Qd4 Qc7 24.Rfd1 a6 25.Ne5 Re7 26.Nfg6 Re6 27.Nxd7 Nxd7 28.Qxd7 {#r} 1-0

[Event "Ch Hungary (team) 2002/03 (2 liga)"]
[Site "masterchessopen.com - Hungary"]
[Date "2002.09.22"]
[Round "1"]
[White "Veress Robert (HUN)"]
[Black "Klimko Csaba (HUN)"]
[Result "1-0"]
[WhiteElo "2194"]
[BlackElo "2165"]

1.d4 f5 2.Nf3 Nf6 3.g3 g6 4.Bg2 Bg7 5.O-O O-O 6.c4 d6 7.Nc3 c6 8.Rb1 Qe8 9.d5
Bd7 10.h3 Na6 11.Nd4 Nc7 12.b4 Rd8 13.dxc6 bxc6 14.b5 cxb5 15.cxb5 Rb8 16.Nc6
Bxc6 17.Bxc6 Qd8 18.Be3 Nh5 19.Bxa7 Bxc3 20.Qb3+ e6 21.Bxb8 Bd4 22.Bxc7 Qxc7
23.Qxe6+ Kh8 24.e3 Bc5 25.Bf3 Ng7 26.Qd5 Re8 27.b6 Bxb6 28.Qc6 Rb8 29.Qxc7
Bxc7 30.Rxb8+ {#r} 1-0

[Event "Ch NRW (2 liga)"]
[Site "masterchessopen.com - Germany"]
[Date "2002.10.06"]
[Round "1"]
[White "Nautsch Werner (GER)"]
[Black "Skulener Wladimir (GER)"]
[Result "0-1"]
[WhiteElo "2279"]
[BlackElo "2363"]

1.d4 f5 2.g3 Nf6 3.Bg2 g6 4.Nf3 Bg7 5.O-O O-O 6.c4 d6 7.Nc3 c6 8.Bg5 h6 9.Bxf6
Bxf6 10.Qd2 g5 11.e4 Bg7 12.h4 g4 13.Ne1 f4 14.gxf4 e6 15.h5 Qh4 16.Ne2 Qxh5
17.f3 e5 18.dxe5 dxe5 19.f5 Nd7 20.Kf2 Nf6 21.Rh1 Qf7 22.b3 gxf3 23.Bxf3 Nxe4+
24.Bxe4 Bxf5 25.Bf3 e4 26.Rd1 Bg4 27.Ng1 Rae8 28.Kg3 Bxf3 29.Nexf3 exf3 30.Qd7
Qxd7 31.Rxd7 f2 32.Nf3 Re3 {#R} 0-1

[Event "Ch Norway (team)"]
[Site "masterchessopen.com - Asker (Norway)"]
[Round "1"]
[White "Pedersen Audun (NOR)"]
[Black "Andersen Alf R (NOR)"]
[Result "0-1"]
[WhiteElo "2054"]
[BlackElo "2188"]

1.d4 f5 2.g3 Nf6 3.Bg2 g6 4.c4 Bg7 5.Nf3 d6 6.O-O O-O 7.Nc3 c6 8.d5 Qe8 9.Qc2
Na6 10.a3 e5 11.dxe6 Bxe6 12.Bf4 Rd8 13.Rad1 Qe7 14.b3 Nc5 15.Ng5 Bc8 16.b4
Ne6 17.Nxe6 Bxe6 18.Qd3 Qf7 19.Bxd6 Bxc4 20.Qf3 Rfe8 21.Rfe1 Nd5 22.Nxd5 Bxd5
23.Qxd5 cxd5 24.Bxd5 Re6 {#R} 0-1

[Event "It (open) \"]
[Site "masterchessopen.com - Aviles (Spain)"]
[Round "3"]
[White "Bensdorp Marlies (NED)"]
[Black "Murariu Andrei (ROM)"]
[Result "0-1"]
[WhiteElo "2214"]
[BlackElo "2381"]

1.d4 f5 2.g3 Nf6 3.Bg2 g6 4.c4 Bg7 5.Nc3 O-O 6.Nf3 d6 7.O-O c6 8.d5 Qe8 9.Be3
Na6 10.Rb1 Nc7 11.dxc6 bxc6 12.b4 Ng4 13.Bd2 e5 14.h3 Nf6 15.b5 Bd7 16.Be3 Qe7
17.b6 axb6 18.Bxb6 Ne6 19.Qd2 e4 20.Nh2 Ne8 21.Rfc1 h5 22.f3 h4 23.g4 exf3
24.exf3 fxg4 25.fxg4 Nf4 26.Bf1 c5 27.Nd5 Qe4 28.Bg2 Ne2+ {#R} 0-1

[Event "It (open)"]
[Site "masterchessopen.com - Bargteheide (Germany)"]
[Round "6"]
[White "Voelzke Ferdinand (GER)"]
[Black "Link Oliver (GER)"]
[Result "1-0"]
[WhiteElo "2199"]
[BlackElo "2127"]

1.Nf3 f5 2.g3 Nf6 3.Bg2 g6 4.O-O Bg7 5.c4 O-O 6.Nc3 d6 7.d4 c6 8.Qc2 Qa5 9.Bd2
Nbd7 10.Ng5 Nb8 11.b4 Qc7 12.c5 e5 13.cxd6 Qxd6 14.dxe5 Qxe5 15.Qb3+ Kh8
16.Nf7+ Rxf7 17.Qxf7 Qd6 18.Rad1 Nbd7 19.Bh6 Qf8 20.Qxf8+ Nxf8 21.Bxg7+ Kxg7
22.e4 fxe4 23.Nxe4 Be6 24.a3 Nd5 25.Nc5 Nc3 26.Nxe6+ Nxe6 27.Rd7+ Kh6 28.Re1
Nf8 29.Rxb7 a5 30.Bxc6 {#r} 1-0

[Event "It (open)"]
[Site "masterchessopen.com - Bled (Slovenia)"]
[Round "3"]
[White "Adam Miroslav (SLO)"]
[Black "Padjen Zdenko (CRO)"]
[Result "0-1"]
[WhiteElo "2210"]
[BlackElo "2085"]

1.d4 f5 2.g3 Nf6 3.c4 g6 4.Bg2 Bg7 5.Nc3 O-O 6.Nf3 d6 7.O-O c6 8.Qb3 Qb6 9.Be3
Kh8 10.Rfd1 Ng4 11.Bg5 Qc7 12.h3 Nf6 13.Rac1 Na6 14.Be3 Nh5 15.d5 f4 16.Bd4
fxg3 17.Bxg7+ Kxg7 18.fxg3 Nxg3 19.Kh2 Nc5 20.Qc2 Bf5 21.Qd2 Nge4 22.Qd4+ Kg8
23.Nh4 e5 24.dxe6 Nxe6 25.Nd5 Qd8 26.Nxf5 Nxd4 27.Nxd4 cxd5 28.cxd5 Qh4 29.Rc7
Qg3+ {#R} 0-1

[Event "It (open) \"]
[Site "masterchessopen.com - Bratislava (Slovakia)"]
[Round "0"]
[White "Heinrich Jan (SVK)"]
[Black "Ruckschloss Karol (SVK)"]
[Result "0-1"]
[WhiteElo "2109"]
[BlackElo "2331"]

1.d4 f5 2.Nf3 Nf6 3.g3 g6 4.Bg2 Bg7 5.O-O O-O 6.c4 d6 7.Nc3 c6 8.b3 Qa5 9.Bb2
e5 10.dxe5 dxe5 11.Qc2 Na6 12.a3 Qc7 13.e3 Bd7 14.Rfd1 Rae8 15.b4 f4 16.e4
fxg3 17.fxg3 Qc8 18.Rf1 Nc7 19.c5 Ng4 20.Qe2 Ne6 21.Na4 Nd4 22.Nxd4 exd4
23.Rxf8+ Rxf8 24.Rf1 Rxf1+ 25.Bxf1 Ne3 26.Qd2 Nxf1 27.Kxf1 Bh3+ 28.Kf2 Qe6
29.Qd3 Qf7+ 30.Ke1 Be6 31.Bc1 Bc4 {#R} 0-1

[Event "It (cat.2)"]
[Site "masterchessopen.com - Budapest (Hungary)"]
[Round "9"]
[White "Harmon Clark (USA)"]
[Black "Lamprecht Mark (GER)"]
[Result "0-1"]
[WhiteElo "2162"]
[BlackElo "2218"]

1.d4 f5 2.c4 g6 3.Nc3 Nf6 4.g3 Bg7 5.Bg2 c6 6.Nf3 O-O 7.O-O d6 8.b3 Qc7 9.Ba3
a5 10.Rc1 Na6 11.Qd2 Re8 12.Rfe1 e5 13.dxe5 dxe5 14.e4 Nb4 15.Rcd1 fxe4 16.Nh4
Bg4 17.f3 exf3 18.Bxf3 Rad8 19.Qe2 Bxf3 20.Nxf3 e4 21.Rxd8 Qxd8 22.Ng5 Qd4+
23.Qe3 Ng4 {#R} 0-1

[Event "It (open)"]
[Site "masterchessopen.com - Burgos (Spain)"]
[Round "1"]
[White "Paz Vizcaya Manuel (ESP)"]
[Black "Prol Nogueira Iago (ESP)"]
[Result "0-1"]
[WhiteElo "1616"]
[BlackElo "2152"]

1.c4 g6 2.Nc3 Bg7 3.g3 f5 4.d4 Nf6 5.Bg2 O-O 6.Nf3 c6 7.O-O d6 8.Bg5 Nbd7
9.Qc1 Qb6 10.Rb1 e5 11.c5 Qb4 12.a3 Qc4 13.b3 Qe6 14.Bxf6 Qxf6 15.dxe5 dxe5
16.Na4 e4 17.Ng5 Ne5 18.f4 exf3 19.Nxf3 Be6 20.Nxe5 Qxe5 21.Qc2 Rad8 22.Nb2
Qe3+ 23.Kh1 Bxb3 24.Qc1 Qxe2 25.Re1 Qd2 26.Nc4 Qxc1 27.Rexc1 Ba2 28.Rxb7 Bxc4
29.Bxc6 Rc8 30.Bb5 Bd5+ {#R} 0-1